1169 1204 1516 1596 1097 1188 1062 1086 1858 1970 1308 1124 1858 1421 1908 1825 1672 1837 1539 1620 1107 1353 1163 1122 1864 1785 1849 1594 1768 1141 1760 1752 1996 1619 1022 1171 1048 1298 1964 1232 1513 2000 1928 1067 1609 1369 1175 1800 1710 1706 1659 1862 1401 1918 1581 1192 1167 1454 1785 1789 1731 1762 1279 1076 1981 1722 1659 1346 1744 1424 1414 1417 1809 1675 1393 1987 1622 1029 1310 1892 1889 1931 1197 1607 1540 1264 1648 1535 1553 1049 1674 1069 1785 1197 1204 1387 1702 1640 1593 BCNSPRNW ULIB Ver.6.0+V

เปลี่ยนเป็นภาษาไทย

Change to English
 แสดงรายละเอียดบรรณานุกรม
  กลับหน้าหลัก

Brief Record : Get Marc (ISO 2709) : E-mail record : QR code < ปิดหน้าต่าง
LEADER : 00000nam 2200000uu 4500
001    13399113620
003     ULIB
008    111124s2550||||th 000 0 tha d
020    ^a9789748755428
090    ^aนว.^bพ975ก 2550
100 0  ^aไพฑูรย์ ธัญญา
245 00 ^aก่อกองทราย/^cNukan
250    ^aพิมพ์ครั้งที่ 34
260    ^aกรุงเทพฯ :^bนาคร,^c2550
300    ^a200 หน้า
710 1  ^aนาคร
945    ^p110^l0^i14445
995    ^aทศพร
999    ^aใช้งานได้ทุกระบบ
รายการนี้ยังไม่มีแท็ก
คุณยังไม่ได้ล็อกอิน คุณสามารถมีกิจกรรมร่วมกับเว็บไซต์ได้ แต่ต้องล็อกอินก่อน ::
  ล็อกอิน

รายการสื่อสารสนเทศ

ลำดับที่ ประเภท เลขเรียก/บาร์โค้ด สถานที่ สถานะ
1. นวนิยาย
นวนิยาย
นว. พ975ก 2550 ฉ.1 
  Barcode: 14445
ห้องสมุดวิทยาเขตสวรรค์ประชารักษ์
►นวนิยาย
บนชั้น
  ขอยืม

BibComment


ยังไม่เคยถูกคอมเมนท์

คอมเมนท์ทรัพยากรรายการนี้
  คอมเมนท์: ก่อกองทราย Nukan


 Copyright 2026. Bcnsprnw @Library